000 00662nam a2200205Ia 4500
003 GCL
005 20240530102230.0
008 140319s9999 xx 000 0 ara d
040 _aGCL /
_cGCL
082 0 4 _a811.094
_bا ا
100 1 _aايمان بكرى
245 1 0 _aديوان : امراة فى سجل الزمان /
_cايمان بكرى
260 _a[S.N] :
_bالهيئة المصرية العامة للكتاب ،
_c1993
300 _a135 ص
650 0 4 _aالشعر العربى
650 0 4 _aالادب العربى
650 0 4 _aدواوين وقصائد
650 0 4 _aالشعر العربى - العصر الحديث
942 _2ddc
_cBK
999 _c30759
_d30759